Zamestnanecké výhody ako faktor spokojnosti zamestnancov s prácou diplomová práca

Saved in:
Bibliographic Details
Main Author: Križanská, Martina
Corporate Author: Fakulta podnikového manažmentu EU. Katedra manažmentu
Other Authors: Gálik, Rudolf
Format: Book
Language:Slovak
Published: Bratislava 2015
Tags: Add Tag
No Tags, Be the first to tag this record!

MARC

LEADER 00000nbm a2200000 4500
001 0201247
005 20161212101122.9
041 0 |a slo 
044 |a SK 
245 1 0 |a Zamestnanecké výhody ako faktor spokojnosti zamestnancov s prácou  |b diplomová práca  |c Martina Križanská ; školiteľ: Rudolf Gálik 
264 1 |a Bratislava  |c 2015 
300 |a 70 s. 
100 1 |a Križanská, Martina 
700 1 |a Gálik, Rudolf 
710 2 |a Fakulta podnikového manažmentu EU. Katedra manažmentu